| 000 | 00427cam a2200181ua 4500 | ||
|---|---|---|---|
| 020 | _c12.60 | ||
| 041 |
_aeng _h |
||
| 082 |
_a589.9 _bGAR/BA |
||
| 100 | _aGardner, A D . | ||
| 245 |
_aBacteriology / _cA D Gardner. _hTextual Documents |
||
| 250 |
_a4 / _b. |
||
| 260 |
_aCalcutta : _bOxford University Press , _c1953. |
||
| 300 | _a271 ; . | ||
| 365 | _a12.60 | ||
| 504 | _a | ||
| 942 | _cBK | ||
| 999 |
_c9363 _d9363 |
||